| 000 | 00337nam a2200121Ia 4500 | ||
|---|---|---|---|
| 008 | 210430s9999 xx 000 0 und d | ||
| 082 | _a331F4691 F | ||
| 100 |
_aShahrukh Rafi Khan _953688 |
||
| 245 | 4 |
_aThe Financial Markctplace _cShahrukh Rafi Khan |
|
| 260 |
_aNew York _bShahrukh Rafi Khan _c1999 |
||
| 300 | _a499p | ||
| 942 |
_cBK _2ddc |
||
| 999 |
_c563858 _d563858 |
||